<The> System for Automatic Train Control Simulation
Návrh a implementácia simulátora ovládania vlaku. Daný systém umožňuje vyvolať rôzne dopravné situácie v reálnom prostredí. Získané informácie sa dajú využiť na rozvoj systému pre podporu rozhodovania v oblasti železničnej dopravy.
Guardado en:
| Autor principal: | |
|---|---|
| Formato: | Capítulo de libro |
| Lenguaje: | inglés |
| Materias: | |
| Etiquetas: |
Sin Etiquetas, Sea el primero en etiquetar este registro!
|
MARC
| LEADER | 00000naa a2200000 4500 | ||
|---|---|---|---|
| 001 | 0267281 | ||
| 005 | 20220719070841.6 | ||
| 041 | 0 | |a eng | |
| 044 | |a CZ | ||
| 245 | 1 | 0 | |a <The> System for Automatic Train Control Simulation |c Marcel Vytečka |
| 520 | |a Návrh a implementácia simulátora ovládania vlaku. Daný systém umožňuje vyvolať rôzne dopravné situácie v reálnom prostredí. Získané informácie sa dajú využiť na rozvoj systému pre podporu rozhodovania v oblasti železničnej dopravy. | ||
| 610 | 2 | 0 | |a systémy dopravné |
| 610 | 2 | 0 | |a doprava železničná |
| 610 | 2 | 0 | |a simulácia |
| 610 | 2 | 0 | |a technológie nové |
| 610 | 2 | 0 | |a dizajn |
| 100 | 1 | |a Vytečka, Marcel | |